| 000 | 00851nam a2200229 a 4500 | ||
|---|---|---|---|
| 001 | 39935 | ||
| 003 | BD-RjUL | ||
| 005 | 20211209053109.0 | ||
| 008 | 161221s1970 bg ||||| |||| 00| 0 ben d | ||
| 020 | _c: PRs. 7.00 | ||
| 035 | _a(BD-RjUL)40049 | ||
| 040 |
_aBD-RjUL _bben _cBD-RjUL _dBD-RjUL |
||
| 041 | _aben | ||
| 082 |
_223 _a370.15 _bHUS 1970 |
||
| 100 |
_aহুদা, মুসলিম _9123014 |
||
| 245 | 1 | 0 |
_aশিক্ষা মনোবিজ্ঞান / _cমুসলিম হুদা |
| 260 |
_aঢাকা : _bকেন্দ্রীয় বাংলা-উন্নয়ন বোর্ড, _c১৯৭০ |
||
| 300 |
_a[১০], ৩০২ পৃ. ; _c২১ সেমি |
||
| 650 |
_aশিক্ষা মনোবিজ্ঞান _9118077 |
||
| 650 |
_aEducational Psychology _9118078 |
||
| 942 |
_2ddc _cBK |
||
| 999 |
_c39935 _d39935 |
||